000 00438nam a2200181Ia 4500
008 151202s9999||||xx |||||||||||||| ||und||
082 _bPNVM-75699
100 _aWHISENAND VAL.
245 _aTEMPORARY HUSBAND.
260 _b"SILHOUETTE, LONDON."
260 _c75699
300 _a190
600 _aWHISENAND VAL.
630 _aTEMPORARY HUSBAND.
700 _aWHISENAND VAL.
730 _aTEMPORARY HUSBAND.
942 _cBOOK
999 _c1342358
_d1342355